000 00402nam a22001697a 4500
003 OSt
005 20231226053543.0
008 220926b xxu||||| |||| 00| 0 eng d
020 _a9788131611739
040 _cIIMT UNIVERSITY MEERUT
100 _aAHUJA, RAM
245 _aSOCIAL PROBLEMS IN INDIA
250 _a4TH
260 _aNEW DELHI
_bRAWAT PUB.
_c2022
300 _a646
942 _2ddc
_c01
999 _c55724
_d55724